Real Madrid Squad 2015/16 - Statistics

General Stats
  • This quiz has been taken 634 times
  • The average score is 17 of 23
Answer Stats
NO. THE PLAYER % Correct
7 Cristiano Ronaldo
99%
4 Sergio Ramos
99%
9 Karim Benzema
98%
1 Keylor Navas
97%
11 Gareth Bale
96%
8 Toni Kroos
96%
12 Marcelo
95%
19 Luka Modric
93%
3 Pepe
90%
15 Daniel Carvajal
89%
2 Raphael Varane
88%
10 James Rodriguez
85%
13 Kiko Casilla
84%
22 Fransisco Alarcon
80%
14 Casemiro
78%
6 Nacho Fernandez
70%
20 Jese Rodriguez
54%
17 Alvaro Arbeloa
49%
23 Danilo
48%
16 Mateo Kovacic
45%
18 Lucas Vasquez
33%
31 Ruben Yanez
24%
21 Denis Cheryshev
11%
No matching quizzes found
Score Distribution
Percent of People with Each Score
Percentile by Number Answered
Your Score History
You have not taken this quiz